000 00293nam a2200097Ia 4500
082 _a248.32 SHEE
245 0 _an Beginnersgids tot intrede
100 _a SHEETS, Dutch Kaapstad, 2003 1ste Suid-Afrikaanse uitg
_996479
942 _cBK
008 210817s9999 xx 000 0 und d
999 _c405424
_d405423